00923nam a22002537a 450000500170000001000130001702000220003003500130005203700160006504000120008108200170009310000290011024500890013926000380022827000510026630000250031749000060034250000500034865000540039865000480045294200260050099900190052695201240054520170124105933.0 aA-540734 c00.00a8171545270 aA-540734 bCen Lib/Ret aDPLbEN a303.484bJUD aJudge, Paramjit S.98873 aInsurrection to agitation :cby Paramjit S. Judgebthe naxalite movement in Punjab / aBombay c1992bPopular Prakashan  bBombay e400034a35, Madan Mohan Malviya marg  avii, 190p.c20cm(Hb) a  aIncludes bibliographical references and index aPunjab (India) -- Politics and government.927117 aPunjab (India) -- Social conditions.974465 2ddccENh303.484mJUD c124006d124006 00104070aLbLd2015-06-13eCen Lib/Retg0.00l0o303.484 JUDpA-540734r2015-06-13 00:00:00t1v0.00w2015-06-13yEN